[Event "Panagiotis Apergis op"]
[Site "Ano Liosia"]
[Date "2007.05.04"]
[Round "4"]
[White "Delis, Georgios"]
[Black "Siourdakis, Efstratios"]
[Result "1-0"]
[WhiteElo "1899"]
[BlackElo "1615"]
[PlyCount "51"]
[EventDate "2007.04.24"]
[EventType "swiss"]
[EventRounds "7"]
[EventCountry "GRE"]
[SourceTitle "EXT 2008"]
[Source "ChessBase"]
[SourceDate "2007.11.25"]
[SourceVersion "1"]
[SourceVersionDate "2007.11.25"]
[SourceQuality "1"]

1. d4 d5 2. c4 Nf6 3. cxd5 Nxd5 4. e4 Nb6 5. Nc3 e6 6. Be3 Be7 7. Bd3 Nc6 8. Rc1 0-0 9. Nf3 Bd7 10. 0-0 Rc8 11. Qe2 Nb4 12. Bb1 f5 13. a3 fxe4 14. Nxe4 N4d5 15. Neg5 g6 16. Bd2 Bxg5 17. Bxg5 Nf4 18. Qd2 Nh3+ 19. gxh3 Qe8 20. Ne5 Bb5 21. Rfe1 c5 22. dxc5 Nd7 23. Nxd7 Bxd7 24. Ba2 Rf5 25. Bh4 Qf7 26. Qxd7 1-0